[Event "WC-2013-F-00001"]
[Site "LSS email"]
[Date "2013.07.24"]
[Round "?"]
[White "Dolgov, Igor"]
[Black "Matin, Boris"]
[Result "1/2-1/2"]
[WhiteElo "2530"]
[BlackElo "2542"]
[PlyCount "41"]
[EventDate "2013.08.01"]
[EventType "tourn (corr)"]
[EventRounds "10"]
[EventCountry "GER"]
[SourceTitle "Corr 2022"]
[Source "ChessBase"]
[SourceDate "2021.10.24"]
[SourceVersion "1"]
[SourceVersionDate "2021.10.24"]
[SourceQuality "1"]

1. e4 c5 2. Nf3 d6 3. d4 cxd4 4. Nxd4 Nf6 5. Nc3 a6 6. Bg5 e6 7. f4 Nbd7 8. Bc4 Qb6 9. Bb3 Be7 10. f5 Nc5 11. Qf3 Nxb3 12. Nxb3 Qc7 13. 0-0-0 b5 14. a3 0-0 15. Rhe1 Bb7 16. Qg3 Nh5 17. Qh4 Bxg5+ 18. Qxg5 Nf6 19. fxe6 fxe6 20. Nd4 Rae8 21. e5 1/2-1/2

[Event "WC-2013-F-00001"]
[Site "LSS email"]
[Date "2013.07.24"]
[Round "?"]
[White "Matin, Boris"]
[Black "Dolgov, Igor"]
[Result "1/2-1/2"]
[WhiteElo "2542"]
[BlackElo "2530"]
[PlyCount "56"]
[EventDate "2013.08.01"]
[EventType "tourn (corr)"]
[EventRounds "10"]
[EventCountry "GER"]
[SourceTitle "Corr 2022"]
[Source "ChessBase"]
[SourceDate "2021.10.24"]
[SourceVersion "1"]
[SourceVersionDate "2021.10.24"]
[SourceQuality "1"]

1. d4 d5 2. c4 c6 3. Nf3 Nf6 4. Nc3 dxc4 5. a4 Bf5 6. Ne5 Nbd7 7. Nxc4 Qc7 8. g3 e5 9. dxe5 Nxe5 10. Bf4 Nfd7 11. Bg2 g5 12. Ne3 gxf4 13. Nxf5 0-0-0 14. Qc2 Nc5 15. 0-0 fxg3 16. hxg3 a5 17. Rad1 h5 18. Rxd8+ Qxd8 19. Rd1 Qf6 20. Qd2 Kb8 21. Qf4 Ka7 22. Ne4 Nxe4 23. Bxe4 Bc5 24. e3 Ng4 25. b3 Rd8 26. Bf3 Rxd1+ 27. Bxd1 Qc3 28. Kg2 Qd3 1/2-1/2

[Event "CP-2012-F-00001"]
[Site "LSS email"]
[Date "2012.08.09"]
[Round "?"]
[White "Pannekoek, Willem Jan"]
[Black "Matin, Boris"]
[Result "1/2-1/2"]
[WhiteElo "2376"]
[BlackElo "2483"]
[PlyCount "59"]
[EventDate "2012.08.15"]
[EventType "tourn (corr)"]
[EventRounds "16"]
[EventCountry "GER"]
[SourceTitle "Corr 2022"]
[Source "ChessBase"]
[SourceDate "2021.10.24"]
[SourceVersion "1"]
[SourceVersionDate "2021.10.24"]
[SourceQuality "1"]

1. d4 Nf6 2. c4 e6 3. g3 c5 4. d5 exd5 5. cxd5 d6 6. Nc3 g6 7. Bg2 Bg7 8. Nf3 0-0 9. 0-0 a6 10. a4 Nbd7 11. Nd2 Re8 12. h3 Rb8 13. Nc4 Ne5 14. Na3 Nh5 15. e4 Bd7 16. a5 Qxa5 17. g4 Nf6 18. f4 Nexg4 19. hxg4 Nxg4 20. f5 h5 21. Bg5 b5 22. Nc4 Qc7 23. f6 Bh8 24. Ne3 Ne5 25. Ne2 b4 26. Nf4 c4 27. Nxh5 c3 28. bxc3 Qxc3 29. Rc1 Qa3 30. Ra1 1/2-1/2

[Event "WC-2013-T-00006"]
[Site "LSS email"]
[Date "2011.12.24"]
[Round "?"]
[White "Baranowski, Tadeusz"]
[Black "Matin, Boris"]
[Result "1/2-1/2"]
[WhiteElo "2274"]
[BlackElo "2402"]
[PlyCount "63"]
[EventDate "2011.12.28"]
[EventType "tourn (corr)"]
[EventRounds "12"]
[EventCountry "GER"]
[SourceTitle "Telechess CBM 159"]
[Source "ChessBase"]
[SourceDate "2014.03.17"]
[SourceVersion "1"]
[SourceVersionDate "2014.03.17"]
[SourceQuality "1"]

1. e4 c6 2. d4 d5 3. e5 Bf5 4. Nf3 e6 5. Be2 Ne7 6. 0-0 Nd7 7. Nbd2 Bg6 8. Nh4 c5 9. c3 Nc6 10. Nxg6 hxg6 11. Nf3 Be7 12. Be3 a6 13. Qd2 b5 14. h3 0-0 15. Bf4 Qb6 16. Rfc1 Rfc8 17. Qd1 Qb7 18. a3 a5 19. a4 bxa4 20. Rxa4 Nb6 21. Ra2 a4 22. Bb5 Na5 23. Bxa4 Nac4 24. b3 Nxa4 25. bxa4 Qb6 26. Rb1 Qc6 27. Rba1 Rc7 28. Bg5 Bf8 29. Nd2 cxd4 30. cxd4 Rca7 31. Qc2 Bb4 32. Nf1 1/2-1/2

[Event "WC-2013-T-00006"]
[Site "LSS email"]
[Date "2011.12.24"]
[Round "?"]
[White "Blanco Gramajo, Cesar Augusto"]
[Black "Matin, Boris"]
[Result "1/2-1/2"]
[WhiteElo "2429"]
[BlackElo "2402"]
[PlyCount "63"]
[EventDate "2011.12.28"]
[EventType "tourn (corr)"]
[EventRounds "12"]
[EventCountry "GER"]
[SourceTitle "Telechess CBM 159"]
[Source "ChessBase"]
[SourceDate "2014.03.17"]
[SourceVersion "1"]
[SourceVersionDate "2014.03.17"]
[SourceQuality "1"]

1. e4 c6 2. d3 d5 3. Nd2 e5 4. Ngf3 Bd6 5. g3 Nf6 6. Bg2 0-0 7. 0-0 Re8 8. Re1 Nbd7 9. b3 b5 10. Bb2 Qb6 11. a4 d4 12. c3 dxc3 13. Bxc3 Bc5 14. Qe2 b4 15. Nc4 Bxf2+ 16. Qxf2 Qxf2+ 17. Kxf2 bxc3 18. Rac1 Ba6 19. Rxc3 Bxc4 20. Rxc4 c5 21. Ke2 Rab8 22. Nd2 h5 23. Rb1 Red8 24. Rcc1 g6 25. Nc4 h4 26. Na5 Rb6 27. Bh3 Kg7 28. Nc4 Rb4 29. Ke3 Rh8 30. Rh1 Re8 31. Na5 Nb8 32. Rbc1 1/2-1/2

[Event "WC-2013-T-00006"]
[Site "LSS email"]
[Date "2011.12.24"]
[Round "?"]
[White "Matin, Boris"]
[Black "Baranowski, Tadeusz"]
[Result "1-0"]
[WhiteElo "2402"]
[BlackElo "2274"]
[PlyCount "85"]
[EventDate "2011.12.28"]
[EventType "tourn (corr)"]
[EventRounds "12"]
[EventCountry "GER"]
[SourceTitle "Telechess CBM 159"]
[Source "ChessBase"]
[SourceDate "2014.03.17"]
[SourceVersion "1"]
[SourceVersionDate "2014.03.17"]
[SourceQuality "1"]

1. d4 d5 2. c4 c6 3. Nc3 Nf6 4. Nf3 e6 5. e3 Nbd7 6. Qc2 Bd6 7. g4 h6 8. Rg1 Qe7 9. h4 dxc4 10. Bxc4 Nd5 11. Ne4 Bc7 12. a3 N7f6 13. Nxf6+ Qxf6 14. Be2 Qe7 15. h5 e5 16. Nxe5 Bxe5 17. dxe5 Qxe5 18. Bd2 Qh2 19. 0-0-0 Be6 20. Rdf1 0-0-0 21. Rg3 Qh4 22. e4 Nc7 23. Be3 a6 24. Rfg1 Rd7 25. f4 Re8 26. f5 Ba2 27. g5 Qxe4 28. Qxe4 Rxe4 29. f6 hxg5 30. fxg7 f5 31. h6 Bg8 32. Rf3 f4 33. Rxg5 Ne6 34. Rf5 fxe3 35. Rf8+ Kc7 36. Rxg8 Nd4 37. Bf1 e2 38. Bxe2 Nxe2+ 39. Kc2 Nd4+ 40. Kb1 Nxf3 41. h7 Kb6 42. h8Q Ree7 43. Qh3 1-0

[Event "WC-2013-T-00006"]
[Site "LSS email"]
[Date "2011.12.24"]
[Round "?"]
[White "Matin, Boris"]
[Black "Ralls, Richard Nelson"]
[Result "1-0"]
[WhiteElo "2402"]
[BlackElo "2410"]
[PlyCount "73"]
[EventDate "2011.12.28"]
[EventType "tourn (corr)"]
[EventRounds "12"]
[EventCountry "GER"]
[SourceTitle "Telechess CBM 159"]
[Source "ChessBase"]
[SourceDate "2014.03.17"]
[SourceVersion "1"]
[SourceVersionDate "2014.03.17"]
[SourceQuality "1"]

1. d4 d5 2. c4 c6 3. Nc3 Nf6 4. Nf3 e6 5. e3 Nbd7 6. Qc2 Bd6 7. g4 h6 8. Rg1 e5 9. cxd5 cxd5 10. Nb5 Bb8 11. g5 hxg5 12. Nxg5 0-0 13. Bd2 a6 14. Nc3 Qc7 15. 0-0-0 exd4 16. exd4 b5 17. a3 Nb6 18. Bd3 Ra7 19. Rg2 Kh8 20. Rdg1 Qc6 21. Nf3 Rg8 22. Rg5 Qe8 23. Bh7 g6 24. Bxg8 Kxg8 25. Ne5 Bxe5 26. dxe5 Nh7 27. Rxg6+ fxg6 28. Qxg6+ Qxg6 29. Rxg6+ Kf7 30. Rxb6 Rc7 31. Kd1 Re7 32. f4 Re6 33. Rb8 Re8 34. Kc1 Bf5 35. Rb7+ Re7 36. Rxe7+ Kxe7 37. Nxd5+ 1-0

[Event "WC-2013-T-00006"]
[Site "LSS email"]
[Date "2011.12.24"]
[Round "?"]
[White "Roberts, Anthony"]
[Black "Matin, Boris"]
[Result "1/2-1/2"]
[WhiteElo "2213"]
[BlackElo "2402"]
[PlyCount "75"]
[EventDate "2011.12.28"]
[EventType "tourn (corr)"]
[EventRounds "12"]
[EventCountry "GER"]
[SourceTitle "Telechess CBM 159"]
[Source "ChessBase"]
[SourceDate "2014.03.17"]
[SourceVersion "1"]
[SourceVersionDate "2014.03.17"]
[SourceQuality "1"]

1. e4 c6 2. d4 d5 3. Nc3 dxe4 4. Nxe4 Bf5 5. Ng3 Bg6 6. h4 h6 7. Nf3 Nd7 8. h5 Bh7 9. Bd3 Bxd3 10. Qxd3 e6 11. Bf4 Qa5+ 12. Bd2 Bb4 13. c3 Be7 14. c4 Qc7 15. 0-0-0 Ngf6 16. Kb1 0-0 17. Rhe1 a5 18. Ne5 a4 19. f4 Rad8 20. Qf3 Nxe5 21. dxe5 Nd7 22. Bc3 Nc5 23. f5 Rxd1+ 24. Rxd1 Bg5 25. Kc2 Rd8 26. Rxd8+ Qxd8 27. Qd1 Qc7 28. Qd4 b6 29. Qd6 Qc8 30. f6 Qa8 31. Kb1 Bh4 32. Qd4 Bg5 33. fxg7 Kxg7 34. Ne4 Nxe4 35. Qxe4 a3 36. b3 Qd8 37. Kc2 c5 38. Qe2 1/2-1/2

[Event "CP-2007-F-00001"]
[Site "LSS email"]
[Date "2011.09.30"]
[Round "?"]
[White "Dorer, Manfred"]
[Black "Matin, Boris"]
[Result "1/2-1/2"]
[WhiteElo "2260"]
[BlackElo "2402"]
[PlyCount "82"]
[EventDate "2011.10.01"]
[EventType "tourn (corr)"]
[EventRounds "16"]
[EventCountry "GER"]
[SourceTitle "Telechess CBM 159"]
[Source "ChessBase"]
[SourceDate "2014.03.17"]
[SourceVersion "1"]
[SourceVersionDate "2014.03.17"]
[SourceQuality "1"]

1. e4 c6 2. d4 d5 3. e5 c5 4. dxc5 Nc6 5. Bb5 e6 6. Be3 Nge7 7. c3 Nf5 8. Bd4 Bd7 9. Bxc6 Bxc6 10. Nf3 Nxd4 11. Qxd4 Qc7 12. b4 b6 13. cxb6 axb6 14. Qe3 Be7 15. Nd4 0-0 16. 0-0 Bd7 17. f4 g6 18. Rc1 Rfc8 19. Nd2 Ra3 20. N2b3 Rca8 21. Qe2 Bf8 22. Rc2 Ba4 23. Rac1 Qc4 24. g3 Qxe2 25. Rxe2 Bd7 26. Rcc2 Rc8 27. Kf2 Be7 28. h4 f6 29. Nxe6 fxe5 30. Rxe5 Bxb4 31. Ned4 Rxc3 32. Rb2 Ra4 33. Rxd5 Bg4 34. Rd8+ Kg7 35. Re8 Rd3 36. Re3 Rxe3 37. Kxe3 h5 38. Nf3 Bf5 39. Nfd4 Bg4 40. Nf3 Bf5 41. Nfd4 Bg4 1/2-1/2

[Event "CP-2007-F-00001"]
[Site "LSS email"]
[Date "2011.09.30"]
[Round "?"]
[White "Matin, Boris"]
[Black "Dutra Neto, Alfredo Carlos S"]
[Result "1-0"]
[WhiteElo "2402"]
[BlackElo "2403"]
[PlyCount "113"]
[EventDate "2011.10.01"]
[EventType "tourn (corr)"]
[EventRounds "16"]
[EventCountry "GER"]
[SourceTitle "Telechess CBM 159"]
[Source "ChessBase"]
[SourceDate "2014.03.17"]
[SourceVersion "1"]
[SourceVersionDate "2014.03.17"]
[SourceQuality "1"]

1. d4 Nf6 2. c4 e6 3. Nc3 Bb4 4. e3 0-0 5. Bd3 d5 6. Nf3 c5 7. 0-0 Nc6 8. a3 Bxc3 9. bxc3 Qc7 10. cxd5 exd5 11. a4 c4 12. Bc2 Bg4 13. Ba3 Rfe8 14. Qe1 Bxf3 15. gxf3 g6 16. Kh1 Qd7 17. Rg1 Na5 18. Qb1 Qc7 19. Ra2 Rad8 20. Qf1 b6 21. Qh3 Nb3 22. Qh4 Qc6 23. Rg3 Qe6 24. Qh6 Rb8 25. Bb1 Qd7 26. Kg2 Kh8 27. f4 Ne4 28. f5 Rg8 29. Bxe4 dxe4 30. Qg5 Rge8 31. f4 exf3+ 32. Rxf3 Qd8 33. f6 Qc8 34. Raf2 Re4 35. Qh6 Qg8 36. Qg7+ Qxg7 37. fxg7+ Kxg7 38. Rxf7+ Kh6 39. Kf3 Rh4 40. Bf8+ Rxf8 41. Rxf8 Nc1 42. Rf7 Nd3 43. Re2 a5 44. Rf6 Rh5 45. Ke4 b5 46. axb5 Rxb5 47. d5 Rb3 48. Kd4 Rb1 49. Kxc4 Ne5+ 50. Kd4 Ng4 51. Re6 Kh5 52. h3 Nh6 53. e4 a4 54. c4 g5 55. Ra2 Nf7 56. Rxa4 Rd1+ 57. Ke3 1-0

[Event "CP-2007-F-00001"]
[Site "LSS email"]
[Date "2011.09.30"]
[Round "?"]
[White "Matin, Boris"]
[Black "Roberts, Anthony"]
[Result "1-0"]
[WhiteElo "2402"]
[BlackElo "2213"]
[PlyCount "107"]
[EventDate "2011.10.01"]
[EventType "tourn (corr)"]
[EventRounds "16"]
[EventCountry "GER"]
[SourceTitle "Telechess CBM 159"]
[Source "ChessBase"]
[SourceDate "2014.03.17"]
[SourceVersion "1"]
[SourceVersionDate "2014.03.17"]
[SourceQuality "1"]

1. d4 d5 2. c4 c6 3. Nc3 Nf6 4. Nf3 dxc4 5. a4 Bf5 6. Ne5 e6 7. f3 Bb4 8. e4 Bxe4 9. fxe4 Nxe4 10. Bd2 Qxd4 11. Nxe4 Qxe4+ 12. Qe2 Bxd2+ 13. Kxd2 Qd5+ 14. Kc2 Na6 15. Nxc4 0-0 16. Qe5 Rfd8 17. a5 Nc5 18. Rg1 f6 19. Qxd5 cxd5 20. Na3 e5 21. b4 Ne6 22. Kd1 a6 23. g3 f5 24. Rg2 g6 25. Rb2 Rd7 26. Nc2 Rc8 27. b5 axb5 28. Bxb5 Rdc7 29. Ne3 Kf8 30. Bf1 Rd8 31. Rb5 f4 32. gxf4 Nxf4 33. Rab1 Rdd7 34. R1b2 e4 35. Rc2 Rxc2 36. Nxc2 d4 37. Bc4 e3 38. Re5 Nh3 39. Bb5 Rd8 40. Ne1 Nf2+ 41. Ke2 Ng4 42. Rc5 Nxh2 43. Bc4 h5 44. Bd5 Rb8 45. Rb5 Rc8 46. Rxb7 Rc5 47. a6 Rxd5 48. a7 Ra5 49. Rb8+ Kg7 50. a8Q Rxa8 51. Rxa8 Ng4 52. Nc2 h4 53. Nxd4 h3 54. Nf3 1-0

[Event "CP-2007-F-00001"]
[Site "LSS email"]
[Date "2011.09.30"]
[Round "?"]
[White "Roberts, Anthony"]
[Black "Matin, Boris"]
[Result "1/2-1/2"]
[WhiteElo "2213"]
[BlackElo "2402"]
[PlyCount "104"]
[EventDate "2011.10.01"]
[EventType "tourn (corr)"]
[EventRounds "16"]
[EventCountry "GER"]
[SourceTitle "Telechess CBM 159"]
[Source "ChessBase"]
[SourceDate "2014.03.17"]
[SourceVersion "1"]
[SourceVersionDate "2014.03.17"]
[SourceQuality "1"]

1. e4 c6 2. d4 d5 3. Nc3 dxe4 4. Nxe4 Bf5 5. Ng3 Bg6 6. h4 h6 7. Nf3 Nd7 8. h5 Bh7 9. Bd3 Bxd3 10. Qxd3 e6 11. Bf4 Qa5+ 12. Bd2 Bb4 13. Ne4 Bxd2+ 14. Nfxd2 Ngf6 15. Nd6+ Ke7 16. Nxb7 Qb4 17. Qb3 Qxd4 18. 0-0-0 Rab8 19. Qa3+ c5 20. Na5 Rhc8 21. f3 Nb6 22. Ne4 Qb4 23. Nd6 Rc7 24. Qxb4 cxb4 25. Nb5 Rc5 26. Nxa7 Ra8 27. N5c6+ Ke8 28. Rd4 Nfd5 29. Re1 Ne7 30. Nxe7 Rxa7 31. Rxb4 Nd7 32. Ng6 fxg6 33. Rxe6+ Kf7 34. Rxg6 Rxa2 35. Rb7 Ra1+ 36. Kd2 Rd5+ 37. Ke2 Ra8 38. c4 Re8+ 39. Kf2 Rd2+ 40. Kf1 Re5 41. g4 Kg8 42. Ra6 Nf6 43. Raa7 Ne8 44. Re7 Rxe7 45. Rxe7 Kf8 46. Rb7 Rc2 47. b3 Nd6 48. Rb8+ Kf7 49. Ke1 Ke7 50. Rb6 Ne8 51. Kf1 Nc7 52. f4 Ne6 1/2-1/2

[Event "WC-2014-S-00014"]
[Site "LSS email"]
[Date "2011.07.16"]
[Round "?"]
[White "Matin, Boris"]
[Black "Bendig, Frank"]
[Result "1-0"]
[WhiteElo "2407"]
[BlackElo "2123"]
[PlyCount "113"]
[EventDate "2011.07.22"]
[EventType "tourn (corr)"]
[EventRounds "6"]
[EventCountry "GER"]
[SourceTitle "Telechess CBM 161"]
[Source "ChessBase"]
[SourceDate "2014.07.16"]
[SourceVersion "1"]
[SourceVersionDate "2014.07.16"]
[SourceQuality "1"]

1. d4 Nc6 2. c4 e5 3. d5 Nce7 4. Nc3 Nf6 5. Nf3 Ng6 6. h4 h5 7. Bg5 Bb4 8. Qc2 Bxc3+ 9. Qxc3 d6 10. Nd2 Qd7 11. Bxf6 gxf6 12. g3 Qe7 13. Bg2 b6 14. c5 bxc5 15. b4 f5 16. bxc5 e4 17. cxd6 Qxd6 18. 0-0 0-0 19. Rac1 Re8 20. Rfd1 Ba6 21. e3 Bd3 22. Nb3 Qxd5 23. Qf6 Qd6 24. Qg5 Re5 25. Nd4 f4 26. Nf5 Qd8 27. gxf4 Qxg5 28. hxg5 Rxf5 29. Rxd3 exd3 30. Bxa8 Ra5 31. Rd1 Rxa2 32. Rxd3 Ra5 33. Bf3 Rc5 34. Bxh5 Nf8 35. Bg4 Ne6 36. Rd7 a5 37. Kg2 a4 38. g6 f5 39. Bf3 c6 40. Ra7 a3 41. Rxa3 Kg7 42. Ra6 Kxg6 43. Rxc6 Kf6 44. Rxc5 Nxc5 45. Bd5 Kg6 46. f3 Nd3 47. Kg3 Kg7 48. e4 Nc5 49. e5 Na6 50. Kf2 Nc7 51. Ba2 Ne8 52. Be6 Kg6 53. Ke3 Ng7 54. Bg8 Ne8 55. Kd4 Kg7 56. Be6 Nc7 57. Bxf5 1-0

[Event "WC-2014-S-00014"]
[Site "LSS email"]
[Date "2011.07.16"]
[Round "?"]
[White "Matin, Boris"]
[Black "Kuhne, Detlev"]
[Result "1-0"]
[WhiteElo "2407"]
[BlackElo "2274"]
[PlyCount "131"]
[EventDate "2011.07.22"]
[EventType "tourn (corr)"]
[EventRounds "6"]
[EventCountry "GER"]
[SourceTitle "Telechess CBM 161"]
[Source "ChessBase"]
[SourceDate "2014.07.16"]
[SourceVersion "1"]
[SourceVersionDate "2014.07.16"]
[SourceQuality "1"]

1. d4 Nf6 2. c4 e6 3. Nc3 Bb4 4. Qc2 0-0 5. a3 Bxc3+ 6. Qxc3 b6 7. Bg5 Bb7 8. e3 d6 9. Ne2 Nbd7 10. Qc2 h6 11. Bh4 c5 12. Rd1 Qe7 13. Nc3 cxd4 14. Rxd4 Ne5 15. f3 Rac8 16. Be2 Ng6 17. Bxf6 Qxf6 18. Qd2 Nh4 19. Bd3 Qg5 20. Qf2 Nf5 21. Bxf5 Qxf5 22. 0-0 d5 23. cxd5 exd5 24. Qd2 Rfe8 25. Re1 a5 26. h3 Rc5 27. b4 axb4 28. axb4 Rc4 29. Rd1 Qe5 30. Rxc4 dxc4 31. Kf2 b5 32. Qd4 Qg5 33. h4 Qh5 34. Qf4 Bc6 35. Ne2 Kh7 36. Rd6 Re6 37. Rd8 Rf6 38. Qg3 Bb7 39. Re8 Bc6 40. Re5 Qg6 41. Qxg6+ Rxg6 42. Nd4 Rd6 43. g4 Bd7 44. Rc5 Kg8 45. h5 Rb6 46. Rc7 Rd6 47. Rb7 g6 48. hxg6 fxg6 49. Nxb5 Bxb5 50. Rxb5 Rd2+ 51. Kg3 Rb2 52. f4 Kf7 53. Rb7+ Ke6 54. b5 Kd5 55. Kf3 c3 56. Rc7 c2 57. b6 Kd6 58. Rc3 Rxb6 59. Rxc2 g5 60. f5 Ra6 61. Rb2 Ke5 62. Rb4 Rc6 63. Rb5+ Kd6 64. e4 Rc3+ 65. Ke2 Kc6 66. Rd5 1-0

[Event "WC-2014-S-00014"]
[Site "LSS email"]
[Date "2011.07.16"]
[Round "?"]
[White "Schubert, Volker"]
[Black "Matin, Boris"]
[Result "1/2-1/2"]
[WhiteElo "1846"]
[BlackElo "2407"]
[PlyCount "69"]
[EventDate "2011.07.22"]
[EventType "tourn (corr)"]
[EventRounds "6"]
[EventCountry "GER"]
[SourceTitle "Telechess CBM 161"]
[Source "ChessBase"]
[SourceDate "2014.07.16"]
[SourceVersion "1"]
[SourceVersionDate "2014.07.16"]
[SourceQuality "1"]

1. d4 Nf6 2. c4 e6 3. g3 c5 4. d5 exd5 5. cxd5 d6 6. Nc3 g6 7. Bg2 Bg7 8. Nf3 0-0 9. 0-0 a6 10. a4 Nbd7 11. Bf4 Qc7 12. Rc1 Re8 13. b4 Nh5 14. Be3 Nhf6 15. Bf4 Nh5 16. Bg5 h6 17. Be3 Nhf6 18. bxc5 Rxe3 19. fxe3 Nxc5 20. Nd2 Ng4 21. Nc4 Bd7 22. h3 b5 23. axb5 axb5 24. Nxb5 Bxb5 25. hxg4 Ra4 26. Rf4 g5 27. Nxd6 Qxd6 28. Rxc5 Qxc5 29. Rxa4 Bxa4 30. Qxa4 Qxe3+ 31. Kh2 Be5 32. Qe4 Qxg3+ 33. Kg1 Bd6 34. Qf3 Bc5+ 35. Kh1 1/2-1/2

[Event "CP-2008-S-00004"]
[Site "LSS email"]
[Date "2011.05.07"]
[Round "?"]
[White "Matin, Boris"]
[Black "Krupa, Bartlomiej"]
[Result "1-0"]
[WhiteElo "2362"]
[BlackElo "2180"]
[PlyCount "83"]
[EventDate "2011.05.14"]
[EventType "tourn (corr)"]
[EventRounds "6"]
[EventCountry "GER"]
[SourceTitle "Telechess CBM 155"]
[Source "ChessBase"]
[SourceDate "2013.07.16"]
[SourceVersion "1"]
[SourceVersionDate "2013.07.16"]
[SourceQuality "1"]

1. d4 d5 2. c4 c6 3. Nc3 Nf6 4. Nf3 e6 5. e3 Nbd7 6. Qc2 b6 7. Bd3 Bb7 8. 0-0 Be7 9. b3 0-0 10. Bb2 h6 11. Rad1 Qc7 12. h3 Rad8 13. a3 Rfe8 14. cxd5 exd5 15. b4 Bd6 16. Rfe1 b5 17. Rc1 a6 18. e4 dxe4 19. Nxe4 Nxe4 20. Bxe4 Nb6 21. Ba1 Nc4 22. Bh7+ Kf8 23. Qc3 Bf4 24. Rcd1 Qd6 25. d5 f6 26. Rxe8+ Rxe8 27. Nh4 Bd2 28. Qc2 c5 29. Bg6 Rd8 30. Bh5 Kg8 31. Nf5 Qd7 32. Rxd2 Nxd2 33. Nxh6+ gxh6 34. Bxf6 Qh7 35. Qxd2 Rf8 36. Qc3 Qc7 37. Be5 Qe7 38. f4 Rf5 39. Qg3+ Kf8 40. d6 Qd7 41. Bg4 Be4 42. bxc5 1-0

[Event "CP-2008-S-00004"]
[Site "LSS email"]
[Date "2011.05.07"]
[Round "?"]
[White "Roberts, Anthony"]
[Black "Matin, Boris"]
[Result "0-1"]
[WhiteElo "2222"]
[BlackElo "2362"]
[PlyCount "104"]
[EventDate "2011.05.14"]
[EventType "tourn (corr)"]
[EventRounds "6"]
[EventCountry "GER"]
[SourceTitle "Telechess CBM 153"]
[Source "ChessBase"]
[SourceDate "2013.03.14"]
[SourceVersion "1"]
[SourceVersionDate "2013.03.14"]
[SourceQuality "1"]

1. e4 c6 2. d4 d5 3. Nc3 dxe4 4. Nxe4 Bf5 5. Ng3 Bg6 6. h4 h6 7. Nf3 Nd7 8. h5 Bh7 9. Bd3 Bxd3 10. Qxd3 e6 11. Bf4 Qa5+ 12. Bd2 Bb4 13. Ne4 Bxd2+ 14. Qxd2 Qd5 15. Nc3 Qf5 16. Nd1 Ngf6 17. Ne3 Qb5 18. 0-0-0 0-0 19. c4 Qa6 20. Kb1 c5 21. Rh4 Rac8 22. d5 Rfe8 23. Qc2 Rcd8 24. d6 Qc6 25. Qd3 a6 26. Kc1 Kh8 27. Qc2 b5 28. Qe2 Ne4 29. cxb5 axb5 30. Nc4 Nc3 31. bxc3 bxc4 32. Qxc4 Ra8 33. Qe4 Qb6 34. Qb1 Qa5 35. Kd2 Reb8 36. Qc2 Qa3 37. Ke1 Rb2 38. Qd3 Rxa2 39. Nd2 Qb2 40. Re4 Ra1 41. f4 Nf6 42. Re5 Nd5 43. Rxd5 exd5 44. Rxa1 Qxa1+ 45. Kf2 Qa2 46. Kg3 Rd8 47. Nf3 Rxd6 48. Qf5 Rf6 49. Qc8+ Kh7 50. Qxc5 Rf5 51. Qc7 Qc4 52. Qxc4 dxc4 0-1

[Event "LSS WC-2012-T-00006"]
[Site "LSS email"]
[Date "2010.12.19"]
[Round "?"]
[White "Matin, Boris"]
[Black "Dvoinikov, Andrey Nikolaevich"]
[Result "1/2-1/2"]
[WhiteElo "2372"]
[BlackElo "2421"]
[PlyCount "83"]
[EventDate "2010.12.18"]
[EventType "tourn (corr)"]
[EventRounds "10"]
[EventCountry "GER"]
[SourceTitle "Telechess CBM 155"]
[Source "ChessBase"]
[SourceDate "2013.07.16"]
[SourceVersion "1"]
[SourceVersionDate "2013.07.16"]
[SourceQuality "1"]

1. d4 Nf6 2. c4 e6 3. Nc3 Bb4 4. Qc2 0-0 5. a3 Bxc3+ 6. Qxc3 d5 7. Bg5 dxc4 8. Qxc4 b6 9. Nf3 Ba6 10. Qa4 c5 11. dxc5 bxc5 12. h4 Qb6 13. Bxf6 gxf6 14. Rb1 Kh8 15. e3 Bb7 16. Be2 Rg8 17. 0-0 Bd5 18. Qf4 Nd7 19. e4 e5 20. Qe3 Bb7 21. Rfd1 Nf8 22. Nd2 Ne6 23. Nc4 Qc7 24. b4 Ba6 25. b5 Bb7 26. Nd6 Nd4 27. Nxb7 Qxb7 28. g3 Rac8 29. Rdc1 Qd7 30. Kg2 Qe7 31. b6 axb6 32. Rxb6 Kg7 33. Bc4 Rb8 34. Rxb8 Rxb8 35. Bd5 Qa7 36. Qd3 Rb2 37. Qd1 Re2 38. Bc4 Rxe4 39. Bd3 Qa8 40. Bxe4 Qxe4+ 41. Kh3 f5 42. a4 1/2-1/2

[Event "LSS WC-2012-T-00006"]
[Site "LSS email"]
[Date "2010.12.19"]
[Round "?"]
[White "Matin, Boris"]
[Black "Majer, Damir"]
[Result "1-0"]
[WhiteElo "2372"]
[BlackElo "2172"]
[PlyCount "67"]
[EventDate "2010.12.18"]
[EventType "tourn (corr)"]
[EventRounds "10"]
[EventCountry "GER"]
[SourceTitle "Telechess CBM 155"]
[Source "ChessBase"]
[SourceDate "2013.07.16"]
[SourceVersion "1"]
[SourceVersionDate "2013.07.16"]
[SourceQuality "1"]

1. d4 d5 2. c4 dxc4 3. Nf3 Nf6 4. e3 e6 5. Bxc4 a6 6. Qe2 c5 7. dxc5 Bxc5 8. 0-0 b5 9. Bd3 Nc6 10. a3 Bb7 11. b4 Bd6 12. Bb2 0-0 13. Nbd2 Qe7 14. Rac1 Rfd8 15. Rfd1 h6 16. Ne4 Nxe4 17. Bxe4 Rac8 18. h3 Ba8 19. Rc3 Bb7 20. Bb1 Bb8 21. Rcd3 Kf8 22. Qc2 Rxd3 23. Qxd3 g6 24. Qe2 e5 25. Be4 f5 26. Bb1 e4 27. Nd4 Ne5 28. Ba2 Nc4 29. Bxc4 bxc4 30. Qc2 Kf7 31. Ne2 g5 32. Rd4 Qe6 33. Qd1 Ke8 34. Rd2 1-0

[Event "LSS WC-2013-S-00014"]
[Site "LSS email"]
[Date "2010.07.20"]
[Round "?"]
[White "Kopasov, Evgeny Aleksandrovi"]
[Black "Matin, Boris"]
[Result "0-1"]
[WhiteElo "2259"]
[BlackElo "2347"]
[PlyCount "138"]
[EventDate "2010.07.25"]
[EventType "tourn (corr)"]
[EventRounds "12"]
[EventCountry "GER"]
[SourceTitle "Telechess CBM 149"]
[Source "ChessBase"]
[SourceDate "2012.07.17"]
[SourceVersion "1"]
[SourceVersionDate "2012.07.17"]
[SourceQuality "1"]

1. d4 Nf6 2. c4 e6 3. Nc3 Bb4 4. Qc2 c5 5. dxc5 0-0 6. a3 Bxc5 7. Nf3 b6 8. Bf4 Bb7 9. Rd1 Nc6 10. b4 Nh5 11. Bc1 Be7 12. e4 Qc7 13. Nb5 Qb8 14. Rxd7 a6 15. Nc3 Bd6 16. Qd2 Bc7 17. Be2 Nf6 18. Rd3 a5 19. b5 Ne5 20. Nxe5 Bxe5 21. f3 Qc7 22. Na4 Rad8 23. Bb2 Bxh2 24. Bxf6 Rxd3 25. Qxd3 gxf6 26. Qd4 f5 27. exf5 exf5 28. Kf1 Re8 29. Nxb6 Qe7 30. Qd3 Bc7 31. Nd5 Bxd5 32. cxd5 Qf6 33. Rh3 Qa1+ 34. Qd1 Qxa3 35. f4 Qc5 36. Rg3+ Kf8 37. Qa1 Bb6 38. Qa3 Re4 39. Qxc5+ Bxc5 40. Rc3 Rxf4+ 41. Bf3 Bd6 42. Rc8+ Ke7 43. Ra8 a4 44. Ke2 Rd4 45. Ra7+ Kf6 46. b6 a3 47. b7 Rb4 48. Kd3 Rb6 49. Kd4 Kg5 50. Be2 h5 51. g3 Bxg3 52. Rxa3 h4 53. Ra8 Rxb7 54. Rh8 Re7 55. Kd3 Re4 56. Bf3 Be5 57. Rf8 Rb4 58. d6 Bxd6 59. Rxf7 Rb3+ 60. Ke2 Rb2+ 61. Kd3 h3 62. Rb7 Rf2 63. Bc6 h2 64. Rg7+ Kh6 65. Rg8 Bf4 66. Ba8 Rd2+ 67. Kc4 Be5 68. Re8 Rd4+ 69. Kc5 Re4 0-1